000 00535nam a2200181Ia 4500
003 GCL
008 140319s9999 xx 000 0 ara d
040 _aGCL /
_cGCL
082 0 4 _aم
_b398.03
_bى ق
100 1 _aيوسف مارون
245 1 0 _aقاموس الحكم والامثال والاقوال الخالدة /
_cيوسف مارون
300 _a432 ص
490 _aموسوعة عالم الطبخ
_v0
650 0 4 _aالحكم
650 0 4 _aالامثال
650 0 4 _aالحكم والامثال
942 _2ddc
_cREF
999 _c59685
_d59685